Catene della grande distribuzione organizzata in Italia (supermercati) - Statistics

Statistiche generali
  • Questo quiz è stato fatto 275 volte
    75 dall'ultimo reset
  • Il punteggio medio è 10 su 27
Statistiche sulle risposte
SUPERMERCATI/CATENE % Corretto
Conad
91%
Coop
88%
Lidl
88%
Esselunga
77%
Eurospin
77%
Carrefour
68%
MD
67%
Aldi
56%
Despar
48%
Auchan
45%
Famila
44%
Pam
44%
Penny
36%
Crai
29%
Bennet
18%
Sigma
14%
Metro
12%
Acqua e Sapone
11%
Tigre
11%
Decò
9%
Todis
9%
Gala
8%
Selex
8%
A E O
5%
EMI/emisfero
3%
Oasi
3%
Finiper
2%
Nessun quiz corrispondente trovato
Distribuzione punteggi
Percentuale di utenti per punteggio
Percentile per numero di risposta
I tuoi punteggi nel tempo
Non hai fatto questo quiz dall'ultimo reset